Gaming Quiz

Random Gaming or Grab Bag Quiz
Score 0/70 Timer 12:00
0 Plays Today
Hint Answer % Correct
Main Series TitlesEmbodiment of Scarlet Devil
89.7%
Main Series TitlesPerfect Cherry Blossom
89.7%
Fairy CharactersCirno
89.5%
Playable Characters in Touhou 10.5Reimu Hakurei
87.9%
Returning PC-98 CharactersReimu Hakurei
87.9%
Playable Characters in Touhou 10.5Marisa Kirisame
87.7%
Returning PC-98 CharactersMarisa Kirisame
87.7%
Prismriver SistersMerlin Prismriver
86.8%
Main Series TitlesImperishable Night
86.5%
Prismriver SistersLunasa Prismriver
86.3%
Prismriver SistersLyrica Prismriver
86.3%
Main Series TitlesMountain of Faith
85.2%
Fairy CharactersDaiyousei
85.2%
Playable Characters in Touhou 10.5Alice Margatroid
84.1%
Returning PC-98 CharactersAlice Margatroid
84.1%
Main Series TitlesLegacy of Lunatic Kingdom
83.8%
Main Series TitlesTen Desires
83.2%
Post PC-98 Extra BossesFlandre Scarlet
82.5%
Main Series TitlesMystic Square
81.6%
Fairy CharactersSunny Milk
81.6%
Themes of Sakuya IzayoiFlowering Night
80.7%
Main Series TitlesPhantasmagoria of Flower View
80.5%
Fairy CharactersLuna Child
80.5%
Main Series TitlesDouble Dealing Character
80.3%
Fairy CharactersStar Sapphire
79.8%
Main Series TitlesHighly Responsive to Prayers
79.6%
Main Series TitlesSubterranean Animism
79.6%
Playable Characters in Touhou 10.5Yukari Yakumo
79.6%
Main Series TitlesLotus Land Story
78.9%
Returning PC-98 CharactersYuuka Kazami
77.4%
Playable Characters in Touhou 10.5Sakuya Izayoi
76.5%
Post PC-98 Extra BossesRan Yakumo
76.5%
Post PC-98 Extra BossesFujiwara no Mokou
76.5%
Main Series TitlesPhantasmagoria of Dimensional Dream
76%
Fairy CharactersClownpiece
75.8%
Hint Answer % Correct
Playable Characters in Touhou 10.5Remilia Scarlet
74.9%
Post PC-98 Extra BossesSuwako Moriya
74.2%
Prismriver SistersLayla Prismriver
74.2%
Main Series TitlesUndefined Fantastic Object
74%
Post PC-98 Extra BossesKoishi Komeiji
72.6%
Main Series TitlesStory of Eastern Wonderland
71.5%
Playable Characters in Touhou 10.5Youmu Konpaku
71.1%
Playable Characters in Touhou 10.5Patchouli Knowledge
69.3%
Fairy CharactersLily White
66.8%
Playable Characters in Touhou 10.5Iku Nagae
66.4%
Playable Characters in Touhou 10.5Tenshi Hinanai
65.7%
Playable Characters in Touhou 10.5Suika Ibuki
64.6%
Playable Characters in Touhou 10.5Yuyuko Saigyouji
64.1%
Post PC-98 Extra BossesNue Houjuu
61.7%
Playable Characters in Touhou 10.5Aya Shameimaru
59.9%
Themes of Sakuya IzayoiLunar Clock ~ Luna Dial
56.7%
Post PC-98 Extra BossesMamizou Futatsuiwa
55.2%
Playable Characters in Touhou 10.5Reisen Udongein Inaba
52.7%
Themes of Sakuya IzayoiThe Maid and the Pocket Watch of Blood
51.8%
Playable Characters in Touhou 10.5Komachi Onozuka
51.6%
Post PC-98 Extra BossesRaiko Horikawa
51.1%
Official Print WorksSilent Sinner in Blue
50%
Official Print WorksWild and Horned Hermit
40.4%
Official Print WorksForbidden Scrollery
37.7%
Official Print WorksThe Grimoire of Marisa
31.6%
Official Print WorksInaba of the Moon and Inaba of the Earth
30.5%
Official Print WorksCuriosities of Lotus Asia
25.1%
Official Print WorksBohemian Archive in Japanese Red
24%
Official Print WorksStrange and Bright Nature Deity
23.3%
Official Print WorksPerfect Memento in Strict Sense
22.6%
Official Print WorksOriental Sacred Place
18.2%
Official Print WorksCage in Lunatic Runagate
16.4%
Official Print WorksEastern and Little Nature Deity
16.1%
Official Print WorksSymposium of Post-Mysticism
15.9%
Official Print WorksSeasonal Dream Vision
11.9%
Remove Ads.
Support Sporcle.
Get the best of Sporcle when you Go Orange. This ad-free experience offers more features, more stats, and more fun while also helping to support Sporcle. Thank you for becoming a member.

You're not logged in!

Compare scores with friends on all Sporcle quizzes.
OR
Log In

Show Comments

Extras

Top Quizzes Today


Score Distribution

Your Account Isn't Verified!

In order to create a playlist on Sporcle, you need to verify the email address you used during registration. Go to your Sporcle Settings to finish the process.

Report this User

Report this user for behavior that violates our Community Guidelines.

Details: